Larousse de Grecia

Saved in:
Bibliografiske detaljer
Format: Bog
Sprog:spansk
Udgivet: Barcelona Larousse 2001
Serier:Larousse del Viajero
Fag:
Tags: Tilføj Tag
Ingen Tags, Vær først til at tagge denne postø!

MARC

LEADER 00000nam a2200000 a 4500
001 UCM8703
003 CL-VaPUC
008 030321e20010000SP |||||||||||||||||spa|d
082 0 4 |a 913.8  |b LAR  |2 21 
245 1 0 |a Larousse de Grecia 
300 |a 143 p 
942 |c BK 
945 |d 20030321 00:00:00  |a cmena 
260 |a Barcelona  |b Larousse  |c 2001 
650 7 |a GEOGRAFIA DE GRECIA  |2 CL-VaPUC  |9 474858 
650 0 |a Costumbres y tradiciones   |9 268292 
650 0 |a Viajes  |9 257115 
651 0 |a Grecia  |9 265314 
583 |a last modification  |c 20030321 00:00:00  |k Rodrigo Vera 
490 0 |a Larousse del Viajero 
999 |c 303152  |d 303150 
952 |0 0  |1 0  |4 0  |6 913_800000000000000_LAR_2001  |7 0  |8 A  |9 364269  |a BIBHIS  |b BIBHIS  |d 2019-11-21  |i 388127K  |o 913.8 LAR 2001  |p 388127K  |r 2025-01-20  |w 2019-11-21  |y BK  |k HIS